|
|
|
|
| LEADER |
01217nam a2200277 a 4500 |
| 001 |
2071491 |
| 008 |
091108s1995 ii a b 001 0 eng d |
| 010 |
|
|
|a 94049089
|
| 020 |
|
|
|a 0803992238 (US : hb)
|
| 020 |
|
|
|a 8170364515 (India : hb)
|
| 040 |
|
|
|a DLC
|c DLC
|d DLC
|
| 082 |
0 |
0 |
|a 336.54
|2 20
|
| 100 |
1 |
|
|a Banerji, A. K.
|q (Arun Kumar),
|d 1921-
|
| 245 |
1 |
0 |
|a Finances in the early Raj :
|b investments and the external sector /
|c Arun Banerji.
|
| 260 |
|
|
|a New Delhi ;
|a Thousand Oaks :
|b Sage Publications,
|c 1995.
|
| 300 |
|
|
|a 338 p. :
|b ill. ;
|c 23 cm.
|
| 504 |
|
|
|a Includes bibliographical references (p. [329]-333) and index.
|
| 541 |
1 |
|
|e 00007238
|
| 650 |
|
0 |
|a Finance, Public
|z India
|x History
|y 19th century.
|
| 650 |
|
0 |
|a Investments
|z India
|x History
|y 19th century.
|
| 650 |
|
0 |
|a Public works
|z India
|x Finance
|x History
|y 19th century.
|
| 650 |
|
0 |
|a Irrigation
|z India
|x Finance
|x History
|y 19th century.
|
| 651 |
|
0 |
|a India
|x Economic conditions.
|
| 852 |
4 |
|
|a Ayesha Abed Library
|j General Shelf
|
| 999 |
|
|
|c 5695
|d 5695
|
| 952 |
|
|
|0 0
|1 0
|2 ddc
|4 0
|6 336_540000000000000_BAN_1995
|7 0
|9 5625
|a BRACUL
|b BRACUL
|c GEN
|d 2009-11-21
|g 0.00
|l 0
|o 336.54 BAN
|p 3010007238
|r 2009-11-21
|t 1
|w 2009-11-21
|y BK
|x No price found in the accession register.
|